000 00585nam a2200241 a 4500
001 nice12345678
003 IN_TiNIC
005 20260116013517.0
008 050524s1985 dela grp 000 0 eng
020 _a
_c250
082 0 0 _a305.50954
_bGUP
100 _aGupta, S K
245 _aScheduled Castes in Modern Indian Politics
260 _aDelhi
_bMunshiram Manoharlal Pub
_c1985
300 _a355p
500 _aincludes index and biblioraphy
505 2 _aIndex
650 _aCaste-India
700 1 _aGupta, S K
902 _bSRS
942 _cBK
999 _c11271
_d11271